000 01029nam a22001937a 4500
003 OSt
005 20260316020101.0
008 260316b |||||||| |||| 00| 0 eng d
020 _a971-16-0092-7
040 _aDWC-Main lib.
_cOC
082 _aGR. 348.044 Su959
110 _aEDITORIAL STAFF OF THE CENTRAL LAWBOOK PUBLISHING CO., INC
245 _aSupreme Court reports :
_bannotated/
_cEDITORIAL STAFF OF THE CENTRAL LAWBOOK PUBLISHING CO., INC
260 _aManila, Philippines :
_bCentralLawbook Publishing Company, Inc
300 _avarious paging :
_c23 cm.
504 _av.61 - November to December 31, 1975 v.62 - January to February 28, 1987 v.63 - May 1 to May 9, 1975 v.64 - May 10 to June 30, 1975 v.65 - July 1 to 31, 1975 v.66 - August 1 to September 10, 1975 v.67 - September 12 to October 30, 1975 v.68 - November 1 to December 31, 1975 v.69 - January 1 to February 29, 1976 v.70 - March 1 to April 30, 1976
650 _a1. Law reports, digests, etc.--- Philippines.
942 _2ddc
_cGR
_hGR.
_n0
999 _c9129
_d9129